<?xml version="1.0" encoding="UTF-8"?>
<record
    xmlns:xsi="http://www.w3.org/2001/XMLSchema-instance"
    xsi:schemaLocation="http://www.loc.gov/MARC21/slim http://www.loc.gov/standards/marcxml/schema/MARC21slim.xsd"
    xmlns="http://www.loc.gov/MARC21/slim">

  <leader>01713nam a2200277 i 4500</leader>
  <controlfield tag="001">184814</controlfield>
  <controlfield tag="003">ES-MaACL</controlfield>
  <controlfield tag="005">20250809063541.0</controlfield>
  <controlfield tag="008">160121s2006    sp           |||| | spa d</controlfield>
  <datafield tag="080" ind1=" " ind2=" ">
    <subfield code="a">94(460)"17/19"(048)</subfield>
  </datafield>
  <datafield tag="100" ind1="1" ind2=" ">
    <subfield code="a">Vilar, Juan Bautista, </subfield>
    <subfield code="d">1941-2018</subfield>
    <subfield code="9">114797</subfield>
  </datafield>
  <datafield tag="245" ind1="1" ind2="0">
    <subfield code="a">Notas cr&#xED;ticas / </subfield>
    <subfield code="c">J.B. Vilar, J.M&#xAA;. Egea Bruno, M&#xAA;. J. Vilar.</subfield>
  </datafield>
  <datafield tag="260" ind1=" " ind2=" ">
    <subfield code="a">Murcia : </subfield>
    <subfield code="b">Universidad, Departamento de Historia Moderna, Contempor&#xE1;nea y de Am&#xE9;rica, 2006.</subfield>
  </datafield>
  <datafield tag="300" ind1=" " ind2=" ">
    <subfield code="a">P. [331]-343 ; </subfield>
    <subfield code="c">24 cm.</subfield>
  </datafield>
  <datafield tag="505" ind1="8" ind2=" ">
    <subfield code="a">Contiene: ; </subfield>
    <subfield code="t">Del liberalismo doctrinario al liberalismo democr&#xE1;tico en la Espa&#xF1;a del siglo XIX : en torno a tres publicaciones recientes / </subfield>
    <subfield code="r">Juan B. Vilar. -- </subfield>
    <subfield code="t">Sobre nacionalismo, regionalismo y articulaci&#xF3;n del Estado en la Espa&#xF1;a contempor&#xE1;nea: el caso de Castilla y Le&#xF3;n / </subfield>
    <subfield code="r">Pedro M&#xAA;. Egea Bruno. -- </subfield>
    <subfield code="t">La transici&#xF3;n y consolidaci&#xF3;n democr&#xE1;ticas en Espa&#xF1;a, a trav&#xE9;s de sus protagonistas / </subfield>
    <subfield code="r">Mar&#xED;a Jos&#xE9; Vilar</subfield>
  </datafield>
  <datafield tag="594" ind1=" " ind2=" ">
    <subfield code="a">Recoge rese&#xF1;as de diversas obras.</subfield>
  </datafield>
  <datafield tag="595" ind1=" " ind2=" ">
    <subfield code="a">Separata de: Anales de historia contempor&#xE1;nea, n. 22, 2006.</subfield>
  </datafield>
  <datafield tag="650" ind1=" " ind2="4">
    <subfield code="a">Espa&#xF1;a-</subfield>
    <subfield code="x">Historia-</subfield>
    <subfield code="v">Rese&#xF1;as bibliogr&#xE1;ficas.</subfield>
    <subfield code="9">226203</subfield>
  </datafield>
  <datafield tag="700" ind1="1" ind2=" ">
    <subfield code="a">Egea Bruno, Pedro Mar&#xED;a.</subfield>
    <subfield code="9">46708</subfield>
  </datafield>
  <datafield tag="700" ind1="1" ind2=" ">
    <subfield code="a">Vilar, Mar&#xED;a Jos&#xE9;.</subfield>
    <subfield code="9">114799</subfield>
  </datafield>
  <datafield tag="710" ind1="2" ind2=" ">
    <subfield code="a">Universidad de Murcia. </subfield>
    <subfield code="b">Departamento de Historia Moderna, Contempor&#xE1;nea y de Am&#xE9;rica.</subfield>
    <subfield code="9">7239</subfield>
  </datafield>
  <datafield tag="740" ind1="0" ind2="2">
    <subfield code="a">Sobre nacionalismo, regionalismo y articulaci&#xF3;n del Estado en la Espa&#xF1;a contempor&#xE1;nea: el caso de Castilla y Le&#xF3;n.</subfield>
  </datafield>
  <datafield tag="740" ind1="3" ind2="2">
    <subfield code="a">La transici&#xF3;n y consolidaci&#xF3;n democr&#xE1;ticas en Espa&#xF1;a, a trav&#xE9;s de sus protagonistas.</subfield>
  </datafield>
  <datafield tag="852" ind1=" " ind2=" ">
    <subfield code="a">ES-MaACL</subfield>
    <subfield code="j">2139-F-21 </subfield>
    <subfield code="z">. - Dedicatoria aut&#xF3;grafa de Juan B. Vilar</subfield>
  </datafield>
  <datafield tag="999" ind1=" " ind2=" ">
    <subfield code="c">184814</subfield>
    <subfield code="d">184814</subfield>
  </datafield>
  <datafield tag="952" ind1=" " ind2=" ">
    <subfield code="0">0</subfield>
    <subfield code="1">0</subfield>
    <subfield code="4">0</subfield>
    <subfield code="7">0</subfield>
    <subfield code="8">Colecci&#xF3;n_de_folletos</subfield>
    <subfield code="a">ATENEOM</subfield>
    <subfield code="b">ATENEOM</subfield>
    <subfield code="c">DEPOF</subfield>
    <subfield code="d">2016-01-21</subfield>
    <subfield code="e">DON</subfield>
    <subfield code="l">0</subfield>
    <subfield code="o">2139-F-21</subfield>
    <subfield code="p">1194623</subfield>
    <subfield code="r">2023-02-23 00:00:00</subfield>
    <subfield code="w">2023-02-23</subfield>
    <subfield code="y">FOLLETOS</subfield>
  </datafield>
</record>
